Loading...
| Fine Arts - Classical Music | 3 | 10.00 | 100% | 0% | 0% |
| Fine Arts - Other Fine Arts | 2 | 20.00 | 100% | 100% | 0% |
| Fine Arts - Painting & Sculpture | 4 | 10.00 | 100% | 0% | 0% |
| History - American History | 6 | 23.33 | 100% | 83% | 50% |
| History - European History | 3 | 20.00 | 100% | 100% | 0% |
| History - Other History | 3 | 10.00 | 33% | 67% | 0% |
| History - World History | 5 | 12.00 | 100% | 20% | 0% |
| Literature - American Literature | 6 | 6.67 | 67% | 0% | 0% |
| Literature - British Literature | 2 | 0.00 | 0% | 0% | 0% |
| Literature - European Literature | 2 | 5.00 | 50% | 0% | 0% |
| Literature - World Literature | 2 | 20.00 | 100% | 100% | 0% |
| Mythology | 6 | 15.00 | 100% | 33% | 17% |
| Other | 2 | 20.00 | 100% | 100% | 0% |
| Philosophy | 3 | 13.33 | 67% | 0% | 67% |
| Religion | 1 | 20.00 | 100% | 100% | 0% |
| Science - Chemistry | 2 | 5.00 | 50% | 0% | 0% |
| Science - Physics | 5 | 4.00 | 40% | 0% | 0% |
| Social Science | 2 | 10.00 | 100% | 0% | 0% |